000 00437nam a2200169Ia 4500
008 230917s9999||||xx |||||||||||||| ||und||
020 _cRS1100
040 _e252971
_aMAIN
041 _aEnglish
082 _a613.7 S64Y
100 _aSingh, Vikram
245 0 _aYoga, swasthya aur Yauvan
260 _aDelhi
_bHari Books
_c2014
300 _avii, 264 p.
500 _a3394 02/01/2019 RBP19/73474 14/01/2019 Main Budget
942 _cBK
999 _c29821
_d29821